ग़ज़लकार डॉ. ब्रह्मदेव प्रसाद कार्यी: (Record no. 50204)
[ view plain ]
| 000 -LEADER | |
|---|---|
| fixed length control field | 01272nam a22002777a 4500 |
| 005 - DATE AND TIME OF LATEST TRANSACTION | |
| control field | 20110127111440.0 |
| 008 - FIXED-LENGTH DATA ELEMENTS--GENERAL INFORMATION | |
| fixed length control field | 110127t xxu||||| |||| 00| 0 hin d |
| 010 ## - LCCN (DPL NO) | |
| LC control number | HIN-91675 |
| 020 ## - INTERNATIONAL STANDARD BOOK NUMBER | |
| Terms of availability | 90.00 |
| International Standard Book Number | 9788190728225 |
| 035 ## - SYSTEM CONTROL NUMBER | |
| System control number | HN-64021 |
| 037 ## - SOURCE OF ACQUISITION | |
| Source of stock number/acquisition | DBAD / PUB |
| 040 ## - CATALOGING SOURCE | |
| Original cataloging agency | DPL |
| Language of cataloging | HN |
| 082 ## - DEWEY DECIMAL CLASSIFICATION NUMBER | |
| Classification number | 821 |
| 100 ## - MAIN ENTRY--PERSONAL NAME | |
| 9 (RLIN) | 25632 |
| Personal name | शंभु 'अगेही' |
| 245 ## - TITLE STATEMENT | |
| Title | ग़ज़लकार डॉ. ब्रह्मदेव प्रसाद कार्यी: |
| Statement of responsibility, etc | शंभु 'अगेही' |
| Remainder of title | अनुभूति और अभिव्यक्ति / |
| 246 ## - VARYING FORM OF TITLE | |
| Title proper/short title | Gazalkaar Dr. Brahmadeo prasad Karyee |
| Remainder of title | by Shabhu ' Agehi' |
| 260 ## - PUBLICATION, DISTRIBUTION, ETC. (IMPRINT) | |
| Place of publication, distribution, etc | दरभंगा |
| Name of publisher, distributor, etc | कान्हा पब्लिशिंग हाउस |
| Date of publication, distribution, etc | 2009 |
| 270 ## - ADDRESS | |
| Address | गांधीनगर, लक्ष्मीसागर (पो) |
| City | दरभंगा |
| Postal code | 846009 |
| Electronic mail address | kanhapublishinghouse@yahoo.co.in |
| 300 ## - PHYSICAL DESCRIPTION | |
| Extent | 68पृ. |
| Dimensions | 22सेमी (सजिल्द) |
| 650 ## - SUBJECT ADDED ENTRY--TOPICAL TERM | |
| 9 (RLIN) | 657 |
| Topical term or geographic name as entry element | हिन्दी कविता |
| 650 ## - SUBJECT ADDED ENTRY--TOPICAL TERM | |
| 9 (RLIN) | 25656 |
| 700 ## - ADDED ENTRY--PERSONAL NAME | |
| 9 (RLIN) | 25634 |
| 700 ## - ADDED ENTRY--PERSONAL NAME | |
| 9 (RLIN) | 25670 |
| 942 ## - ADDED ENTRY ELEMENTS (KOHA) | |
| Source of classification or shelving scheme | Dewey Decimal Classification |
| Item type | Hindi Books |
| Classification part | 821 |
| Call number suffix | शंभुअ |
| Withdrawn status | Lost status | Source of classification or shelving scheme | Damaged status | Not for loan | Collection code | Home library | Current library | Date acquired | Source of acquisition | Cost, normal purchase price | Total Checkouts | Full call number | Barcode | Date last seen | Copy number | Cost, replacement price | Koha item type |
|---|---|---|---|---|---|---|---|---|---|---|---|---|---|---|---|---|---|
| Dewey Decimal Classification | Not For Loan | Non-fiction | Andrews Gunj | D.B.Act.Division | 28/01/2011 | DBAD /PUB | 90.00 | 821 शंभुअ | HN-64021 | 28/01/2011 | 1 | 90.00 | Hindi Books |
